Normal view
MARC view
- Brooks, Terry.
Entry Personal Name
001 - CONTROL NUMBER
- control field: 11784
003 - CONTROL NUMBER IDENTIFIER
- control field: NUST
005 - DATE AND TIME OF LATEST TRANSACTION
- control field: 20180718061222.0
008 - FIXED-LENGTH DATA ELEMENTS
- fixed length control field: 180718|| aca||aabn | a|a d
040 ## - CATALOGING SOURCE
- Original cataloging agency: NUST
- Transcribing agency: NUST
100 ## - HEADING--PERSONAL NAME
- Personal name: Brooks, Terry.
670 ## - SOURCE DATA FOUND
- Source citation: Work cat.: (NUST)173272: Brooks, Terry., Armageddon's children /, 2006.
